000 00692nam a2200241 a 4500
001 BRCA_7405
005 20190320205826.0
008 230313s1901----mx-a######---#000-0#spa-#
041 _aspa
044 _amx
050 4 _aF1219.3
_b.B38 1901
100 1 _aBatres, Leopoldo
_918176
245 1 0 _aMictlan. Lyobaa
_cpor Leopoldo Batres.
260 _aMéxico
_bImp. Gante
_c1901
300 _a23 p.
_bil.
500 _aQ133
650 1 4 _aIndios de México
_xAntigüedades
_918268
650 1 4 _aMuerte (en religión, folklore, etc.)
_918269
650 1 4 _aIndios de México
_xReligión y Mitología
_917371
651 4 _aMitla, Oaxaca
_xAntigüedades
_918270
902 _aGFM
942 _2lcc
_cB
999 _c7081
_d7081